Mu mei dazhan . Beck and the Great Berry Battle

Bibliographic Details
Format: Book
Published: s.l. : Children's Fun Publishing Co. Ltd , 2006
Subjects:

MARC

LEADER 00000cam a2200000 7i4500
001 0000111338
005 20250913154720.0
020 |a 7115146454 
020 |a 9787115146458 
090 0 0 |a JFM   |b MUM 
245 0 0 |a Mu mei dazhan .   |p Beck and the Great Berry Battle 
260 |a s.l. :   |b Children's Fun Publishing Co. Ltd ,   |c 2006 
300 |a 96p. :   |b ill. ;   |c 21cm. 
650 0 0 |a Children's stories, Chinese 
650 0 0 |a Chinese fiction 
650 0 0 |a Chinese language 
999 |a 00203956   |b BUKU   |c JUNIOR FICTION MANDARIN COLLECTION   |e PERPUSTAKAAN KOMUNITI PETALING JAYA